|
|
|
|
| LEADER |
01495nam a2200349 u 4500 |
| 001 |
10022604 |
| 003 |
upatras |
| 005 |
20231111063219.0 |
| 008 |
990123s1997 us eng |
| 020 |
|
|
|a 0471164038
|
| 040 |
|
|
|a GR-PaULI
|c GR-PaULI
|
| 041 |
0 |
|
|a eng
|
| 082 |
0 |
4 |
|a 572
|
| 100 |
1 |
|
|a Jowett, Trevor
|9 148032
|
| 245 |
1 |
0 |
|a Tissue in situ hybridization
|b methods in animal development
|c Trevor Jowett
|
| 260 |
|
|
|a New York
|b Wiley
|c 1997
|
| 300 |
|
|
|a xvi, 128 p.
|b fig., tab.
|c 26 cm.
|
| 500 |
|
|
|a "An EMBO Practical Course"--Cover
|
| 504 |
|
|
|a Includes bibliographical references and index
|
| 650 |
|
4 |
|a Ανοσοϊστοχημεία
|9 30125
|
| 650 |
|
4 |
|a Ιστοχημεία
|9 8244
|
| 650 |
|
0 |
|a Ιστολογία
|9 5599
|
| 852 |
|
|
|a GR-PaULI
|b ΠΑΤΡΑ
|t 1
|
| 852 |
|
|
|a GR-PaULI
|b ΠΑΤΡΑ
|b ΒΚΠ
|b ΒΣ1
|k ΑΣΧΞ
|h 572 J
|m 044422
|p 025000057979
|t 1
|
| 852 |
|
|
|a GR-PaULI
|b ΠΑΤΡΑ
|b ΒΚΠ
|b ΒΣ1
|k ΑΣΧΞ
|h 572 JOW
|m 044423
|p 025000057978
|t 2
|
| 942 |
|
|
|2 ddc
|
| 952 |
|
|
|0 0
|1 0
|4 0
|7 0
|9 187333
|d 2016-04-24
|l 0
|r 2016-04-24 00:00:00
|t 1
|w 2016-04-24
|
| 952 |
|
|
|0 0
|1 0
|4 0
|6 572_000000000000000_J
|7 0
|9 187334
|a LISP
|b LISP
|c BSC
|d 2016-04-24
|i 044422
|l 0
|o 572 J
|p 025000057979
|r 2016-04-24 00:00:00
|t 1
|w 2016-04-24
|y BK15
|
| 952 |
|
|
|0 0
|1 0
|4 0
|6 572_000000000000000_JOW
|7 0
|9 187335
|a LISP
|b LISP
|c BSC
|d 2016-04-24
|i 044423
|l 0
|o 572 JOW
|p 025000057978
|r 2016-04-24 00:00:00
|t 2
|w 2016-04-24
|y BK15
|
| 998 |
|
|
|c ΟΡΦΑΝΟΥ
|d 2010-04
|
| 998 |
|
|
|c ΗΛΙΟΠΟΥΛΟΥ
|d 1999-06
|
| 999 |
|
|
|c 115527
|d 115527
|